| 000 | 00000nam 22000008a 4500 |
| 001 | 9.839707 |
| 003 | CaOODSP |
| 005 | 20221107151651 |
| 007 | cr ||||||||||| |
| 008 | 170714s2015 onca |o f000 0 eng d |
| 040 | |aCaOODSP|beng |
| 043 | |an-cn--- |
| 086 | 1 |aFB4-18/2015E-PDF |
| 245 | 00|aCentral banking for a new era |h[electronic resource] : |bthe Bank of Canada's 2016-18 Medium-Term Plan. |
| 260 | |a[Ottawa] : |bBank of Canada, |c[2015]. |
| 300 | |a30 p. : |bill. |
| 500 | |aIssued also in French under title: Le rôle de la banque centrale à l'aube d'une nouvelle ère : le plan à moyen terme 2016-2018 de la Banque du Canada. |
| 500 | |aCover title. |
| 692 | 07|2gccst|aBanks |
| 710 | 2 |aBank of Canada. |
| 775 | 08|tLe rôle de la banque centrale à l'aube d'une nouvelle ère |w(CaOODSP)9.839708 |
| 856 | 40|qPDF|s2.31 MB|uhttps://publications.gc.ca/collections/collection_2017/banque-bank-canada/FB4-18-2015-eng.pdf |